La barbarie : de ellos y de los nuestros /

Na minha lista:
Detalhes bibliográficos
Autor principal: Fernández Buey, Francisco (autor)
Formato: Livro
Idioma:espanhol
Publicado em: Barcelona, España : Paidós, 1995, c1995
Colecção:(Biblioteca del Presente ; 4)
Assuntos:
Tags: Adicionar Tag
Sem tags, seja o primeiro a adicionar uma tag!

MARC

LEADER 00000nam^a2200000^a^4500
001 000154737
005 20250521000000.0
009 20260310100404.884
020 |a 84-493-0181-5 
037 |a Acervo ITESO - Biblioteca 
041 |a ESP 
082 |a 320. 9  |b FER 
100 |a Fernández Buey, Francisco  |e (autor) 
245 1 3 |a La barbarie :  |b de ellos y de los nuestros /  |c F. Fernández Buey. 
264 4 |a Barcelona, España :  |b Paidós,  |c 1995, c1995 
300 |a 283 p. 
336 |a texto  |b txt  |2 rdacontenido 
337 |a sin mediación  |b n  |2 rdamedio 
338 |a volumen  |b nc  |2 rdasoporte 
440 1 |a (Biblioteca del Presente ;  |v 4) 
649 |a XX 
650 |a Racismo 
650 |a Genocidio 
650 |a Guerra y Paz 
650 |a Diversidad Cultural 
650 |a Diferencia y Otredad 
650 |a Relaciones Interculturales 
650 |a Tolerancia e Intolerancia 
650 |a Política 
910 |a Fondo General 
920 |a Impresos - Libros 
930 |a Colección General 
905 |a 101 
901 |a 0500086193  |b IT1  |c ACC  |u 20250521 
902 |a https://opac.biblio.iteso.mx/vufind/Record/000154737